000 00565nam a2200193Ia 4500
005 20230426154303.0
008 131103s9999 xx 000 0 und d
040 _aLoreto College
041 _aEnglish
082 _aTAG 891.441
_bTAG-CHA
100 _aChatterjee, Sudhakar
245 _aRabindranath o bharatiya shahitya
_cSudhakar Chatterjee
260 _aCalcutta
_bA. Mukherjee & Co.
_c1966
300 _a152p
650 _aTagore, Rabindranath, 1861-1941 - Criticism and Interpretation
651 _aBengali Literature
850 _aLCLIB
942 _cBK
999 _c16927
_d67406